[Event "31st WCh U20 Girls"]
[Site "Kocaeli TUR"]
[Date "2013.09.13"]
[Round "1.29"]
[White "Soydan, Busra"]
[Black "Gevorgian, Maria"]
[Result "0-1"]
[WhiteElo "1709"]
[BlackElo "2143"]
[EventDate "2013.09.13"]
[PlyCount "78"]

1.e4 c5 2.Nc3 d6 3.f4 Nc6 4.Nf3 g6 5.Bc4 Bg7 6.O-O e6 7.d3 Nge7 8.Qe1 O-O 
9.f5 gxf5 10.Qh4 fxe4 11.dxe4 Ng6 12.Qh5 f6 13.Bh6 Qe7 14.Rad1 a6 15.a4 
Bd7 16.Ne2 Be8 17.Qh3 Bf7 18.Ng3 Rad8 19.c3 Kh8 20.Bxg7+ Kxg7 21.Nh5+ Kh8 
22.Nh4 Nxh4 23.Nxf6 Bg6 24.Qxh4 Ne5 25.Bxe6 Qxe6 26.Nd5 b5 27.axb5 axb5 
28.h3 Nc4 29.b3 Qxe4 30.Qxe4 Bxe4 31.bxc4 Rxf1+ 32.Kxf1 bxc4 33.Rd2 Kg7 
34.Kf2 Kg6 35.Ke3 Kf5 36.g4+ Ke5 37.Nf4 d5 38.Ne2 Rf8 39.Nf4 Rxf4 0-1

[Event "31st WCh U20 Girls"]
[Site "Kocaeli TUR"]
[Date "2013.09.13"]
[Round "1.30"]
[White "Furtado, Ivana Maria"]
[Black "Aslan, Cagla Yaren"]
[Result "1-0"]
[WhiteElo "2134"]
[BlackElo "1697"]
[EventDate "2013.09.13"]
[PlyCount "71"]

1.d4 Nf6 2.c4 g6 3.Nf3 Bg7 4.g3 O-O 5.Bg2 c5 6.Nc3 cxd4 7.Nxd4 Nc6 8.O-O 
Nxd4 9.Qxd4 d6 10.Qh4 a6 11.Bg5 Re8 12.Rad1 Qb6 13.b3 Qa5 14.Bd2 Qc7 15.
Rc1 Bd7 16.Bg5 Bc6 17.Nd5 Bxd5 18.cxd5 Qa5 19.a4 Nxd5 20.b4 Nxb4 21.Bd2 
Qxa4 22.Qxb4 Qxb4 23.Bxb4 Rab8 24.Rc7 b6 25.Rfc1 a5 26.Bd2 Bf6 27.Be3 a4 
28.Bc6 Rec8 29.Bxa4 Rxc7 30.Rxc7 d5 31.Bc6 d4 32.Bd2 e5 33.Bd5 Rd8 34.
Bxf7+ Kf8 35.Bc4 Be7 36.Bh6+ 1-0

[Event "31st WCh U20 Girls"]
[Site "Kocaeli TUR"]
[Date "2013.09.13"]
[Round "1.31"]
[White "Tuzi, Bruna"]
[Black "Kurbonboeva, Sarvinoz"]
[Result "0-1"]
[WhiteElo "1687"]
[BlackElo "2120"]
[EventDate "2013.09.13"]
[PlyCount "46"]

1.e4 c5 2.Nf3 g6 3.d4 cxd4 4.Nxd4 Nc6 5.Nc3 Bg7 6.Be3 Nf6 7.Nb3 d6 8.Be2 
O-O 9.O-O Be6 10.f4 Na5 11.e5 Ne8 12.exd6 Nxd6 13.Nxa5 Qxa5 14.Bd4 Nf5 15.
Bxg7 Kxg7 16.Kh1 Rfd8 17.Qc1 Rac8 18.Bd3 Qb6 19.Re1 Rd7 20.h3 a6 21.g4 
Rxc3 22.Rxe6 Qf2 23.gxf5 Rdxd3 0-1

[Event "31st WCh U20 Girls"]
[Site "Kocaeli TUR"]
[Date "2013.09.13"]
[Round "1.32"]
[White "Petrova, Irina"]
[Black "Firat, Deniz"]
[Result "1-0"]
[WhiteElo "2117"]
[BlackElo "1664"]
[EventDate "2013.09.13"]
[PlyCount "99"]

1.d4 Nf6 2.c4 g6 3.Nc3 d5 4.Qb3 dxc4 5.Qxc4 Bg7 6.e4 b6 7.Nf3 Bb7 8.e5 Nd5
9.Be2 O-O 10.O-O e6 11.Bg5 Qd7 12.Rac1 Nxc3 13.Qxc3 Rc8 14.Rfd1 Qe8 15.Nd2
Nd7 16.Bf3 Bxf3 17.Qxf3 h6 18.Be3 a5 19.Ne4 Kh7 20.Rc2 Ra7 21.Rdc1 Qe7 22.
Nd6 cxd6 23.exd6 Qxd6 24.Rxc8 Nb8 25.Bf4 e5 26.dxe5 Bxe5 27.Bxe5 Qxe5 28.
Qc3 Qxc3 29.R1xc3 Na6 30.R3c6 Rb7 31.g3 Kg7 32.a3 h5 33.h4 Kh7 34.Kg2 Kg7 
35.Rd6 Nc5 36.Rcc6 Nd7 37.b4 axb4 38.axb4 Kf8 39.f4 Ke7 40.f5 gxf5 41.Rh6 
Ra7 42.Rc2 Ra4 43.Re2+ Kd8 44.Rxh5 Rxb4 45.Rxf5 f6 46.h5 Rg4 47.h6 Rg8 48.
Rd5 Kc8 49.Red2 Ne5 50.h7 1-0

[Event "31st WCh U20 Girls"]
[Site "Kocaeli TUR"]
[Date "2013.09.13"]
[Round "1.33"]
[White "Gulay, Ayca Nuriye"]
[Black "De Seroux, Camille"]
[Result "1-0"]
[WhiteElo "1634"]
[BlackElo "2108"]
[EventDate "2013.09.13"]
[PlyCount "93"]

1.g3 g6 2.Bg2 Bg7 3.e4 c5 4.Ne2 Nc6 5.c3 d6 6.O-O Nf6 7.d3 O-O 8.h3 d5 9.
Qc2 e6 10.f4 b6 11.Be3 Ba6 12.e5 Nd7 13.d4 Rc8 14.Qd2 Qe7 15.g4 f5 16.Rf3 
Rc7 17.Qe1 cxd4 18.Nxd4 Nxd4 19.cxd4 Rc2 20.Bc1 Rfc8 21.Nc3 Qb4 22.Qd1 
Rxb2 23.Bxb2 Qxb2 24.Rb1 Qa3 25.Nxd5 Qf8 26.Nc3 fxg4 27.hxg4 Bb7 28.d5 Rc4
29.Qd2 Kh8 30.Rd3 Rxf4 31.dxe6 Qc5+ 32.Kh1 Bxg2+ 33.Qxg2 Nxe5 34.Rd8+ Bf8 
35.Rf1 Qe7 36.Rxf4 Qxd8 37.Qh2 Bc5 38.Qe2 Qh4+ 39.Kg2 Qg5 40.Qe4 Nd3 41.
Qa8+ Kg7 42.Rf7+ Kh6 43.Qe4 Qd2+ 44.Ne2 Be3 45.e7 Qxe2+ 46.Kh3 Nc5 47.g5+ 
1-0

[Event "31st WCh U20 Girls"]
[Site "Kocaeli TUR"]
[Date "2013.09.13"]
[Round "1.34"]
[White "Martinez, Ayelen"]
[Black "Alev, Gonulden Seda"]
[Result "0-1"]
[WhiteElo "2101"]
[BlackElo "1632"]
[EventDate "2013.09.13"]
[PlyCount "48"]

1.e4 c5 2.Nf3 d6 3.d4 cxd4 4.Nxd4 Nf6 5.Nc3 a6 6.Qf3 e6 7.g4 Be7 8.h4 Nbd7
9.g5 Ne5 10.Qe2 Nfd7 11.Be3 Qc7 12.f4 Nc6 13.Bg2 Qb8 14.O-O Nb6 15.Rad1 
Na5 16.Ndb5 axb5 17.Qxb5+ Nd7 18.f5 O-O 19.fxe6 fxe6 20.Rxf8+ Bxf8 21.Bh3 
Nc5 22.b4 Na6 23.Ne2 Nc4 24.Ba7 Qc7 0-1

[Event "31st WCh U20 Girls"]
[Site "Kocaeli TUR"]
[Date "2013.09.13"]
[Round "1.35"]
[White "Birgelir, Melisa"]
[Black "Monnisha, Gajendra Babu Kannaiyan"]
[Result "0-1"]
[WhiteElo "1617"]
[BlackElo "2094"]
[EventDate "2013.09.13"]
[PlyCount "78"]

1.e4 e5 2.d3 Nc6 3.Nf3 Nf6 4.g3 Bc5 5.Bg2 O-O 6.O-O Re8 7.Nbd2 d6 8.h3 Be6
9.Re1 h6 10.Nf1 d5 11.exd5 Bxd5 12.Be3 Bxe3 13.Nxe3 Be6 14.Nh4 Qd7 15.Kh2 
a5 16.a3 a4 17.Nf3 Rad8 18.Nd2 Qd4 19.Qc1 Nh7 20.Nf3 Qd6 21.Nd1 f5 22.Nc3 
Bf7 23.Nh4 Nd4 24.Nxa4 Bd5 25.Re3 g5 26.Bxd5+ Qxd5 27.Nc3 Qc6 28.Ng2 f4 
29.Re4 Nf6 30.Re1 Nf3+ 31.Kh1 Nxe1 32.Qxe1 fxg3 33.fxg3 e4 34.dxe4 Nxe4 
35.Nxe4 Rxe4 36.Qf2 Rf8 37.Qd2 Rfe8 38.Rg1 Re2 39.Qd4 Rxc2 0-1

[Event "31st WCh U20 Girls"]
[Site "Kocaeli TUR"]
[Date "2013.09.13"]
[Round "1.36"]
[White "Saranya, J."]
[Black "Sen, Beril Berfin"]
[Result "1-0"]
[WhiteElo "2094"]
[BlackElo "1609"]
[EventDate "2013.09.13"]
[PlyCount "99"]

1.e4 e5 2.Nf3 Nc6 3.Bc4 Bc5 4.c3 Nf6 5.d3 a6 6.O-O d6 7.h3 O-O 8.Bg5 Be6 
9.Nbd2 Ba7 10.Bb3 h6 11.Bh4 Re8 12.g4 Qe7 13.Bc2 Rad8 14.Kh2 d5 15.Qe2 d4 
16.Rg1 Qc5 17.g5 Nh5 18.gxh6 g6 19.Nb3 Nf4 20.Nxc5 Nxe2 21.Nxe6 Rxe6 22.
Bxd8 Nxd8 23.Bb3 Nxg1 24.Rxg1 Rf6 25.Nxe5 Rxf2+ 26.Kh1 Kh7 27.Rb1 dxc3 28.
bxc3 Be3 29.Ng4 Re2 30.Rf1 Bxh6 31.Bxf7 Kg7 32.Bb3 Bd2 33.c4 Re1 34.Kg2 
Ne6 35.Rxe1 Bxe1 36.Kf3 Bc3 37.e5 g5 38.Ke4 Kg6 39.Bc2 Nf4 40.h4 Bb2 41.
Nf6 Bc3 42.d4 Ne6 43.h5+ Kf7 44.d5 Nc5+ 45.Kf5 c6 46.h6 cxd5 47.cxd5 b5 
48.d6 a5 49.Bb3+ Nxb3 50.e6+ 1-0

[Event "31st WCh U20 Girls"]
[Site "Kocaeli TUR"]
[Date "2013.09.13"]
[Round "1.37"]
[White "Micoogullari, Lara"]
[Black "Kuchava, Ana"]
[Result "0-1"]
[WhiteElo "1585"]
[BlackElo "2092"]
[EventDate "2013.09.13"]
[PlyCount "62"]

1.Nf3 d5 2.d4 Nf6 3.g3 Bf5 4.Bg2 h6 5.b3 e6 6.O-O Nbd7 7.Bb2 c6 8.c4 Be7 
9.Nc3 O-O 10.Nd2 Qb6 11.c5 Qc7 12.e4 dxe4 13.Ncxe4 Rad8 14.Qc1 Rfe8 15.f3 
e5 16.Nd6 Bxd6 17.cxd6 Qb8 18.Nc4 e4 19.fxe4 Bxe4 20.Bxe4 Nxe4 21.Qf4 Ndf6
22.Rae1 Nxd6 23.Nxd6 Rxe1 24.Rxe1 Qxd6 25.Qf2 Re8 26.Rf1 Qd5 27.Qc2 Ne4 
28.Qe2 Re6 29.Qg4 g6 30.Qf4 Ng5 31.Qg4 h5 0-1

[Event "31st WCh U20 Girls"]
[Site "Kocaeli TUR"]
[Date "2013.09.14"]
[Round "2.1"]
[White "Kashlinskaya, Alina"]
[Black "Stetsko, Lanita"]
[Result "1/2-1/2"]
[WhiteElo "2434"]
[BlackElo "2213"]
[EventDate "2013.09.13"]
[PlyCount "71"]

1.e4 e5 2.d4 exd4 3.Qxd4 Nc6 4.Qe3 Nf6 5.Nc3 Bb4 6.Bd2 O-O 7.O-O-O Re8 8.
Qg3 Rxe4 9.a3 Bd6 10.f4 Re8 11.Bd3 Bf8 12.Nf3 d5 13.Rhe1 Ne7 14.Qf2 Bg4 
15.h3 Bxf3 16.Qxf3 d4 17.Ne4 Ned5 18.Nxf6+ Nxf6 19.Rxe8 Nxe8 20.Qxb7 c5 
21.Ba5 Nd6 22.Qc6 Qc8 23.Qxc8 Rxc8 24.Be2 g6 25.Be1 f5 26.b4 Ne4 27.b5 Bd6
28.g3 Kf7 29.c3 dxc3 30.Bf3 Ke6 31.Bxe4 fxe4 32.Bxc3 Rf8 33.Re1 Kd5 34.
Rd1+ Ke6 35.Re1 Kd5 36.Rd1+ 1/2-1/2

[Event "31st WCh U20 Girls"]
[Site "Kocaeli TUR"]
[Date "2013.09.14"]
[Round "2.2"]
[White "Iwanow, Anna"]
[Black "Cori Tello, Deysi"]
[Result "1/2-1/2"]
[WhiteElo "2210"]
[BlackElo "2433"]
[EventDate "2013.09.13"]
[PlyCount "42"]

1.e4 c5 2.Nf3 Nc6 3.d4 cxd4 4.Nxd4 e6 5.Nc3 Qc7 6.Be2 a6 7.O-O Nf6 8.Be3 
Bb4 9.Nxc6 bxc6 10.Qd4 c5 11.Qc4 O-O 12.Bf3 d6 13.Rfe1 Bb7 14.Rad1 d5 15.
exd5 exd5 16.Qf4 Qc8 17.a3 Ba5 18.Qg3 Bc7 19.Qh3 Ba5 20.Qg3 Bc7 21.Qh3 Ba5
1/2-1/2

[Event "31st WCh U20 Girls"]
[Site "Kocaeli TUR"]
[Date "2013.09.14"]
[Round "2.3"]
[White "Goryachkina, Alexandra"]
[Black "Enkhtuul, Altanulzii"]
[Result "1-0"]
[WhiteElo "2418"]
[BlackElo "2202"]
[EventDate "2013.09.13"]
[PlyCount "159"]

1.d4 Nf6 2.c4 c5 3.d5 b5 4.cxb5 a6 5.bxa6 g6 6.Nc3 Bg7 7.Nf3 O-O 8.g3 d6 
9.Bg2 Nxa6 10.O-O Nb4 11.a3 Bf5 12.Ne1 Qd7 13.e4 Bh3 14.Rb1 Na6 15.Nc2 
Bxg2 16.Kxg2 Ne8 17.Ne3 Rb8 18.Bd2 Nec7 19.Nc4 f5 20.exf5 Qxf5 21.Ne3 Qd3 
22.Be1 Qxd1 23.Nexd1 Bxc3 24.Nxc3 Rf5 25.g4 Rf4 26.f3 Rd4 27.Bh4 Nxd5 28.
Nxd5 Rxd5 29.Bxe7 Kf7 30.Bh4 Rb3 31.Rf2 Nb8 32.f4 Nc6 33.Re1 Rd4 34.Bg3 
Rbd3 35.Ree2 Rd5 36.Bh4 h6 37.Rf1 Rd2 38.Rxd2 Rxd2+ 39.Rf2 Rd4 40.h3 Re4 
41.Rd2 Nd4 42.Bf2 Nb5 43.Kf3 Ra4 44.Be3 Ke6 45.h4 Rc4 46.Rh2 h5 47.gxh5 
gxh5 48.Rg2 d5 49.Rg6+ Kd7 50.Rg5 d4 51.Bf2 Ke6 52.Rxh5 Nd6 53.Re5+ Kf6 
54.h5 Nf5 55.a4 d3 56.Rd5 Rxa4 57.Bxc5 Rc4 58.Bb6 Nh4+ 59.Kg4 Ng2 60.Rxd3 
Rxf4+ 61.Kg3 Ne1 62.Rd1 Re4 63.Bd4+ Kg5 64.Bc3 Nc2 65.Rd5+ Kh6 66.Bd2+ Kg7
67.Rd7+ Kg8 68.h6 Nd4 69.h7+ Kh8 70.Rxd4 Re8 71.b4 Kxh7 72.b5 Rb8 73.Rb4 
Kg6 74.b6 Rb7 75.Be3 Kf5 76.Rc4 Re7 77.Bf2 Rb7 78.Rc7 Rb8 79.b7 Ke6 80.Ba7
1-0

[Event "31st WCh U20 Girls"]
[Site "Kocaeli TUR"]
[Date "2013.09.14"]
[Round "2.4"]
[White "Ibrahimova, Sabina"]
[Black "Wang Jue"]
[Result "1/2-1/2"]
[WhiteElo "2202"]
[BlackElo "2392"]
[EventDate "2013.09.13"]
[PlyCount "91"]

1.e4 c5 2.Nf3 d6 3.d4 cxd4 4.Nxd4 Nf6 5.Nc3 a6 6.h3 e5 7.Nde2 h5 8.Bg5 Be6
9.g3 Nbd7 10.Bg2 Be7 11.Qd2 b5 12.a3 Rc8 13.O-O Nb6 14.b3 Qc7 15.Rad1 Rd8 
16.Rfe1 O-O 17.Be3 Rfe8 18.Rf1 d5 19.Bxb6 Qxb6 20.exd5 Bf5 21.b4 a5 22.Rb1
axb4 23.axb4 Bd6 24.Nd1 Rc8 25.Ne3 Bg6 26.Rb3 h4 27.g4 e4 28.Rc1 Rc4 29.
Nxc4 bxc4 30.Rbb1 e3 31.fxe3 Rxe3 32.Qd4 Bc7 33.Qxb6 Bxb6 34.Kf1 Ne4 35.
Rd1 c3 36.Bxe4 Bxe4 37.Nd4 Bxd5 38.Nf5 Bc4+ 39.Kg2 Re2+ 40.Kf3 Rxc2 41.Rd6
Rf2+ 42.Ke4 Re2+ 43.Kf3 Rf2+ 44.Ke4 Re2+ 45.Kf3 Rf2+ 46.Ke4 1/2-1/2

[Event "31st WCh U20 Girls"]
[Site "Kocaeli TUR"]
[Date "2013.09.14"]
[Round "2.6"]
[White "Bezgodova, Maria"]
[Black "Arabidze, Meri"]
[Result "1-0"]
[WhiteElo "2172"]
[BlackElo "2379"]
[EventDate "2013.09.13"]
[PlyCount "99"]

1.e4 c5 2.Ne2 e6 3.g3 d5 4.Bg2 dxe4 5.Bxe4 Nf6 6.Bg2 Nc6 7.O-O Be7 8.d3 
O-O 9.Na3 e5 10.Nc4 Qc7 11.Nc3 Bg4 12.f3 Bh5 13.Kh1 Rad8 14.Qe1 Nd4 15.Qf2
b5 16.Ne3 Bg6 17.f4 exf4 18.gxf4 b4 19.Ncd5 Nxd5 20.Nxd5 Qd7 21.Be3 Bf5 
22.Bxd4 cxd4 23.Qxd4 Kh8 24.Qe3 Bd6 25.Qd2 a5 26.d4 Bb8 27.c3 Be6 28.Ne3 
bxc3 29.bxc3 Bh3 30.Rad1 Rfe8 31.d5 Ba7 32.Bxh3 Qxh3 33.Ng2 Rd6 34.Qd3 Qh5
35.Qf3 Qxf3 36.Rxf3 Re2 37.c4 Rxa2 38.c5 Bxc5 39.Rc3 Bb6 40.Ne3 Rd8 41.Nc4
Bf2 42.Ne5 Kg8 43.d6 g6 44.d7 Bh4 45.Rc8 Kg7 46.Nc6 Rf8 47.Re8 a4 48.Ne7 
Bxe7 49.Rxe7 Rb2 50.Re8 1-0

[Event "31st WCh U20 Girls"]
[Site "Kocaeli TUR"]
[Date "2013.09.14"]
[Round "2.7"]
[White "Saduakasova, Dinara"]
[Black "Juhasz, Barbara"]
[Result "1-0"]
[WhiteElo "2326"]
[BlackElo "2169"]
[EventDate "2013.09.13"]
[PlyCount "131"]

1.e4 Nf6 2.e5 Nd5 3.d4 d6 4.c4 Nb6 5.exd6 exd6 6.Nc3 Be7 7.h3 O-O 8.Nf3 
Bf5 9.Be2 Nc6 10.Bf4 Bf6 11.O-O Re8 12.Rc1 h6 13.b3 d5 14.c5 Nc8 15.Nb5 
Re7 16.Qd2 a6 17.Nc3 Re8 18.Rfe1 N8e7 19.Bf1 Qd7 20.Ne5 Bxe5 21.Bxe5 Nxe5 
22.Rxe5 Be6 23.Rce1 Ng6 24.R5e2 f5 25.f4 Bf7 26.g3 Rxe2 27.Rxe2 Re8 28.
Rxe8+ Qxe8 29.b4 c6 30.Bd3 Qe6 31.Qe2 Qxe2 32.Nxe2 Be6 33.Nc1 Bc8 34.Kf2 
Kf7 35.a4 Nf8 36.Bc2 Kf6 37.Nd3 Ne6 38.Ke3 g5 39.Ne5 Nf8 40.Bd3 Bd7 41.Be2
Be8 42.Nd3 Ne6 43.Nc1 gxf4+ 44.gxf4 Nd8 45.Nb3 Ke6 46.Na5 Bd7 47.Kf3 Kf6 
48.Ke3 Ke6 49.Bf3 Bc8 50.Nb3 Kf6 51.Nc1 Be6 52.Na2 Ke7 53.Nc3 Kd7 54.Be2 
Kc7 55.Bd3 Nf7 56.Ne2 Kd7 57.Ng3 Ke7 58.Bxf5 Bxf5 59.Nxf5+ Kf6 60.Ng3 Nd8 
61.h4 Ne6 62.f5 Nf8 63.Kf4 Nd7 64.Nf1 b6 65.Ne3 h5 66.Nxd5+ 1-0

[Event "31st WCh U20 Girls"]
[Site "Kocaeli TUR"]
[Date "2013.09.14"]
[Round "2.8"]
[White "Xiao Yiyi"]
[Black "Padmini, Rout"]
[Result "1-0"]
[WhiteElo "2163"]
[BlackElo "2312"]
[EventDate "2013.09.13"]
[PlyCount "79"]

1.d4 Nf6 2.c4 g6 3.g3 Bg7 4.Bg2 O-O 5.Nc3 d6 6.Nf3 Nc6 7.O-O a6 8.d5 Na5 
9.Nd2 c5 10.Qc2 Rb8 11.b3 b5 12.Bb2 e5 13.dxe6 Bxe6 14.cxb5 axb5 15.Nce4 
b4 16.Rad1 Ne8 17.Bxg7 Kxg7 18.h4 Qe7 19.Ng5 Bd7 20.Nde4 Nc6 21.Nxd6 Nd4 
22.Qxc5 Nxe2+ 23.Kh2 Kg8 24.Rfe1 Bb5 25.Qxb4 Nf6 26.Bf3 Qa7 27.Kg2 Bc6 28.
Qd2 Bxf3+ 29.Nxf3 Nxg3 30.fxg3 Ng4 31.Re2 h5 32.Qd4 Qa6 33.Rdd2 Rbd8 34.
Qf4 Rd7 35.Nc4 Rxd2 36.Rxd2 Re8 37.Nce5 Nxe5 38.Nxe5 Qe6 39.Rd7 f6 40.Qh6 
1-0

[Event "31st WCh U20 Girls"]
[Site "Kocaeli TUR"]
[Date "2013.09.14"]
[Round "2.9"]
[White "Zhai Mo"]
[Black "Pujari, Rucha"]
[Result "1-0"]
[WhiteElo "2309"]
[BlackElo "2154"]
[EventDate "2013.09.13"]
[PlyCount "83"]

1.e4 e5 2.Nf3 Nc6 3.Bb5 a6 4.Ba4 Nf6 5.O-O Be7 6.Re1 b5 7.Bb3 d6 8.c3 O-O 
9.h3 Nb8 10.d4 Nbd7 11.Nbd2 Bb7 12.Bc2 Re8 13.Nf1 Bf8 14.Ng3 g6 15.Bg5 h6 
16.Bd2 Bg7 17.a4 d5 18.dxe5 Nxe4 19.Nxe4 dxe4 20.Bxe4 Bxe4 21.Rxe4 Nxe5 
22.Nxe5 Bxe5 23.Qe2 Bg7 24.axb5 a5 25.Rxe8+ Qxe8 26.Qxe8+ Rxe8 27.Rxa5 g5 
28.Kf1 f5 29.b6 cxb6 30.Rxf5 Re5 31.Rxe5 Bxe5 32.Ke2 Kf7 33.Kd3 b5 34.g4 
Ke6 35.Ke4 Bg7 36.Be3 Be5 37.Bd4 Bf4 38.Bg7 Bc1 39.b3 Bb2 40.Kd3 b4 41.Kc2
Ba1 42.Kb1 1-0

[Event "31st WCh U20 Girls"]
[Site "Kocaeli TUR"]
[Date "2013.09.14"]
[Round "2.10"]
[White "Aulia, Medina Warda"]
[Black "Furtado, Ivana Maria"]
[Result "1-0"]
[WhiteElo "2301"]
[BlackElo "2134"]
[EventDate "2013.09.13"]
[PlyCount "65"]

1.e4 c6 2.d4 d5 3.Nc3 dxe4 4.Nxe4 Nf6 5.Ng3 h5 6.h4 Qc7 7.Nh3 Bg4 8.Be2 e6
9.Bf4 Bd6 10.Bxd6 Qxd6 11.c3 Nbd7 12.Ng5 Qf4 13.Nf1 Bxe2 14.Qxe2 Qg4 15.f3
Qf4 16.g3 Qc7 17.f4 Nf8 18.O-O-O O-O-O 19.Ne3 N8h7 20.Nc4 Ng4 21.Nxh7 Rxh7
22.Ne5 Nxe5 23.fxe5 Rh6 24.Rhf1 Rd5 25.c4 Rd7 26.Kb1 Kb8 27.Rf4 Rg6 28.Qe3
Qd8 29.Rdf1 c5 30.dxc5 Rd3 31.Qe1 Rgxg3 32.Rxf7 Rge3 33.Qc1 1-0

[Event "31st WCh U20 Girls"]
[Site "Kocaeli TUR"]
[Date "2013.09.14"]
[Round "2.11"]
[White "Gevorgian, Maria"]
[Black "Sihite, Chelsie Monica"]
[Result "0-1"]
[WhiteElo "2143"]
[BlackElo "2282"]
[EventDate "2013.09.13"]
[PlyCount "80"]

1.e4 e5 2.Nf3 Nc6 3.Bb5 a6 4.Ba4 d6 5.O-O Bd7 6.c3 Nge7 7.d4 Ng6 8.h3 Be7 
9.d5 Nb8 10.Bc2 O-O 11.Nbd2 Nf4 12.Re1 Qc8 13.Nf1 g5 14.Ne3 Bf6 15.Nf5 
Bxf5 16.exf5 c6 17.dxc6 Qxc6 18.Be4 d5 19.Bxf4 dxe4 20.Nxe5 Bxe5 21.Bxe5 
Nd7 22.Bd4 f6 23.Qb3+ Kg7 24.Re3 Rae8 25.Rae1 Rf7 26.f3 Rfe7 27.Qc2 Nc5 
28.R1e2 a5 29.b4 Nd3 30.fxe4 Nf4 31.Re1 axb4 32.c4 Rd7 33.Ba1 Red8 34.Qb3 
Rd2 35.Rg3 Qc5+ 36.Kh2 h6 37.e5 R8d3 38.exf6+ Kf8 39.Rxd3 Rxg2+ 40.Kh1 
Rh2+ 0-1

[Event "31st WCh U20 Girls"]
[Site "Kocaeli TUR"]
[Date "2013.09.14"]
[Round "2.12"]
[White "Abdumalik, Zhansaya"]
[Black "Petrova, Irina"]
[Result "1-0"]
[WhiteElo "2277"]
[BlackElo "2117"]
[EventDate "2013.09.13"]
[PlyCount "70"]

1.e4 e6 2.d4 d5 3.Nd2 c5 4.exd5 Qxd5 5.Ngf3 cxd4 6.Bc4 Qd6 7.O-O Nf6 8.Nb3
Nc6 9.Nbxd4 Nxd4 10.Nxd4 a6 11.c3 Qc7 12.Bd3 Bd6 13.h3 Bd7 14.Bg5 Nd5 15.
Qf3 Bh2+ 16.Kh1 Be5 17.Be4 Bxd4 18.Bxd5 exd5 19.cxd4 Be6 20.Rac1 Qb6 21.
Qa3 f6 22.Bf4 Rc8 23.Rxc8+ Bxc8 24.Rc1 Qe6 25.Rc7 Bd7 26.Rc3 Qe7 27.Bd6 
Qf7 28.Qb4 b5 29.a4 f5 30.axb5 Qf6 31.Re3+ Be6 32.bxa6 Kf7 33.Qb7+ Kg6 34.
a7 f4 35.Bxf4 Qe7 1-0

[Event "31st WCh U20 Girls"]
[Site "Kocaeli TUR"]
[Date "2013.09.14"]
[Round "2.13"]
[White "Kurbonboeva, Sarvinoz"]
[Black "Hejazipour, Mitra"]
[Result "1/2-1/2"]
[WhiteElo "2120"]
[BlackElo "2256"]
[EventDate "2013.09.13"]
[PlyCount "112"]

1.d4 Nf6 2.c4 e6 3.Nf3 b6 4.g3 Bb4+ 5.Bd2 Bxd2+ 6.Qxd2 Ba6 7.b3 c6 8.Bg2 
d5 9.Nc3 Nbd7 10.cxd5 cxd5 11.O-O O-O 12.Rfe1 Rc8 13.Rac1 Rc7 14.Rc2 Qb8 
15.Ne5 Nxe5 16.dxe5 Nd7 17.e4 dxe4 18.Rxe4 Rfc8 19.Rc1 h6 20.Re3 b5 21.
Rce1 b4 22.Na4 Rd8 23.Rd1 Rcc8 24.Qe1 Rc2 25.Re4 Nb6 26.Nxb6 Qxb6 27.Rxd8+
Qxd8 28.Qxb4 Qb6 29.Qe1 Qc5 30.b4 Qc7 31.Rd4 Re2 32.Qb1 Qb6 33.Qd1 Rxe5 
34.h4 g6 35.a3 Kg7 36.Rd8 Bb5 37.Rd6 Re1+ 38.Qxe1 Qxd6 39.Qc3+ e5 40.Bf1 
a6 41.Bxb5 axb5 42.Qf3 Qd4 43.Qc6 Qd3 44.Qc5 Qe2 45.Qd5 e4 46.Qd4+ Kh7 47.
Qf6 Qd1+ 48.Kg2 Qd5 49.Kg1 Kg8 50.Qc3 Qf5 51.Qd4 Qf3 52.Qd5 Qe2 53.Qd8+ 
Kh7 54.Qd5 Qf3 55.Qd4 h5 56.Qd5 Qf5 1/2-1/2

[Event "31st WCh U20 Girls"]
[Site "Kocaeli TUR"]
[Date "2013.09.14"]
[Round "2.14"]
[White "Stiazhkina, Anna"]
[Black "Saranya, J."]
[Result "1/2-1/2"]
[WhiteElo "2244"]
[BlackElo "2094"]
[EventDate "2013.09.13"]
[PlyCount "142"]

1.e4 c5 2.Nf3 d6 3.d4 cxd4 4.Nxd4 Nf6 5.Nc3 a6 6.Be3 e5 7.Nb3 Be6 8.f4 Qc8
9.f5 Bc4 10.Bxc4 Qxc4 11.Qf3 b5 12.O-O-O Nbd7 13.g4 b4 14.Nd2 Qc6 15.Nd5 
Rc8 16.Kb1 a5 17.Rc1 Qb7 18.g5 Nxd5 19.exd5 Be7 20.Ne4 Qxd5 21.Rhd1 Qc6 
22.f6 d5 23.fxg7 Rg8 24.Rf1 Rxg7 25.Ng3 d4 26.Nh5 Qxf3 27.Nxg7+ Kf8 28.
Rxf3 Kxg7 29.Rcf1 Rf8 30.Bc1 Nc5 31.h4 f6 32.h5 Ne6 33.gxf6+ Rxf6 34.Rxf6 
Bxf6 35.Bh6+ Kf7 36.Kc1 Nc5 37.Bg5 Ne4 38.Bxf6 Nxf6 39.Kd2 Ke6 40.h6 Ng4 
41.Kd3 a4 42.b3 axb3 43.axb3 Nxh6 44.Rh1 Nf5 45.Rxh7 Kd5 46.Rd7+ Nd6 47.
Rd8 e4+ 48.Ke2 Kc5 49.Rh8 Nb5 50.Kf2 Nc3 51.Rc8+ Kd5 52.Rc4 Nb5 53.Ke1 Na3
54.Rc8 Nb5 55.Rd8+ Kc5 56.Re8 Kd5 57.Rc8 Nd6 58.Rh8 Nb5 59.Rh5+ Kc6 60.Kd2
Nc3 61.Rh8 Kd5 62.Rc8 Ke5 63.Rc4 Nd5 64.Rc5 Kd6 65.Rb5 e3+ 66.Ke1 Ke5 67.
Rb8 Ke4 68.Re8+ Kf3 69.Rd8 Nf4 70.Rf8 Ke4 71.Re8+ Kf3 1/2-1/2

[Event "31st WCh U20 Girls"]
[Site "Kocaeli TUR"]
[Date "2013.09.14"]
[Round "2.15"]
[White "Monnisha, Gajendra Babu Kannaiyan"]
[Black "Rodriguez Rueda, Paula Andrea"]
[Result "1/2-1/2"]
[WhiteElo "2094"]
[BlackElo "2225"]
[EventDate "2013.09.13"]
[PlyCount "91"]

1.e4 c5 2.Nf3 e6 3.d4 cxd4 4.Nxd4 a6 5.c4 Nf6 6.Nc3 Bb4 7.Qf3 O-O 8.Bg5 
Be7 9.e5 Ne8 10.Bxe7 Qxe7 11.Bd3 f5 12.exf6 Nxf6 13.O-O Nc6 14.Nxc6 bxc6 
15.Rfe1 Qb4 16.Qe2 d5 17.h3 Bd7 18.a3 Qb6 19.b4 Qd4 20.Na4 e5 21.Rad1 e4 
22.Bc2 Qe5 23.Nb6 Rad8 24.Nxd7 Rxd7 25.Ba4 Rc7 26.cxd5 Nxd5 27.Bb3 Kh8 28.
Bxd5 cxd5 29.f3 Re7 30.fxe4 dxe4 31.Qe3 Rfe8 32.Rc1 h6 33.Rc6 Re6 34.Rxe6 
Rxe6 35.Rc1 Rd6 36.Re1 Rd4 37.Qc3 Kh7 38.a4 Qd6 39.b5 Rxa4 40.bxa6 Qxa6 
41.Qe5 Qg6 42.Kh2 Rc4 43.Re3 Qc6 44.Re2 Qg6 45.Re3 Qc6 46.Re2 1/2-1/2

[Event "31st WCh U20 Girls"]
[Site "Kocaeli TUR"]
[Date "2013.09.14"]
[Round "2.16"]
[White "Nguyen Thi Mai Hung"]
[Black "Qiu Mengjie"]
[Result "1-0"]
[WhiteElo "2222"]
[BlackElo "2091"]
[EventDate "2013.09.13"]
[PlyCount "121"]

1.d4 Nf6 2.Nf3 g6 3.Bg5 Bg7 4.Nbd2 d5 5.e3 Bf5 6.c4 c6 7.Qb3 Qb6 8.Qxb6 
axb6 9.cxd5 cxd5 10.Bb5+ Bd7 11.Bxd7+ Nfxd7 12.Nb1 f6 13.Bh4 Nc6 14.Nc3 e6
15.Ke2 Ke7 16.Rhc1 Rhc8 17.Bg3 Na5 18.Ne1 Nc4 19.Nd3 Bf8 20.Nb5 Kf7 21.a4 
Rc6 22.Rc3 Na5 23.Rac1 Rac8 24.Bc7 Be7 25.f3 Kf8 26.g4 Bd8 27.Bd6+ Be7 28.
Rxc6 Rxc6 29.Bxe7+ Kxe7 30.e4 Nb8 31.Rc3 dxe4 32.fxe4 f5 33.gxf5 gxf5 34.
Kf3 fxe4+ 35.Kxe4 Rxc3 36.Nxc3 Nc4 37.d5 exd5+ 38.Nxd5+ Kd6 39.Nf6 h6 40.
Kd4 Nd2 41.Ne4+ Nxe4 42.Kxe4 Ke6 43.Nf4+ Kf7 44.Nd5 Nd7 45.Kf5 Kg7 46.b4 
Kf7 47.h3 h5 48.h4 Kg7 49.Ke6 Nf8+ 50.Kd6 Ng6 51.Kc7 Nxh4 52.Nf4 Kf6 53.
Nxh5+ Ke5 54.Kxb7 Kd4 55.Kxb6 Kc4 56.a5 Nf5 57.a6 Nd6 58.Ka5 Nb5 59.Ng3 
Na7 60.Nf5 Nc8 61.Nd6+ 1-0

[Event "31st WCh U20 Girls"]
[Site "Kocaeli TUR"]
[Date "2013.09.14"]
[Round "2.17"]
[White "Kuchava, Ana"]
[Black "Vo Thi Kim Phung"]
[Result "1/2-1/2"]
[WhiteElo "2092"]
[BlackElo "2219"]
[EventDate "2013.09.13"]
[PlyCount "292"]

1.d4 d5 2.Nf3 Nf6 3.c4 c6 4.Nc3 a6 5.c5 Qc7 6.g3 Nbd7 7.Bf4 Qa5 8.Bd2 Qd8 
9.b4 g6 10.Bg2 Bg7 11.O-O O-O 12.Qc2 Re8 13.Rad1 Nf8 14.a4 Bf5 15.Qb3 Ne4 
16.Be3 Nxc3 17.Qxc3 Be4 18.Qb2 Nd7 19.Rc1 e5 20.Rfd1 exd4 21.Bxd4 Bxf3 22.
Bxf3 Bxd4 23.Qxd4 Qf6 24.Qxf6 Nxf6 25.Rd4 Re7 26.e3 Kg7 27.h4 h6 28.Rb1 
Re6 29.Rd2 g5 30.hxg5 hxg5 31.Rd4 Kg6 32.Kg2 Rh8 33.Re1 Kf5 34.g4+ Kg6 35.
Kg3 Rhe8 36.a5 Kg7 37.Rh1 Ne4+ 38.Kg2 Re5 39.Rhd1 Nc3 40.Rc1 Nb5 41.Rd3 
Nc7 42.Kg3 Ne6 43.Bg2 Nf8 44.Rd4 Ng6 45.Re1 Nh4 46.Bh1 f5 47.Rg1 Kf6 48.
Rd3 R5e7 49.Ra1 fxg4 50.Kxg4 Nf5 51.Bg2 Rh8 52.Rb3 Rh2 53.Rg1 Reh7 54.Rb2 
Nh4 55.Bf1 Ng6 56.Kg3 Ne5 57.Rb1 R7h4 58.Bg2 Rh8 59.f4 gxf4+ 60.exf4 Nc4 
61.Rbe1 Nd2 62.Re5 Nc4 63.Re2 R2h7 64.Rge1 Rg7+ 65.Kf3 Rh2 66.Re6+ Kf5 67.
R6e2 d4 68.Rh1 Rxh1 69.Bxh1 Ne3 70.Rd2 Rd7 71.Rh2 Nd5 72.Rh5+ Kg6 73.Rg5+ 
Kf6 74.Rg2 Nxb4 75.Rd2 d3 76.Ke3 Nd5+ 77.Ke4 Re7+ 78.Kxd3 Nxf4+ 79.Kc4 Re1
80.Rd6+ Ke5 81.Bf3 Rc1+ 82.Kb4 Rb1+ 83.Kc4 Ne6 84.Bxc6 Rc1+ 85.Kb4 Rb1+ 
86.Kc4 Rc1+ 87.Kb4 bxc6 88.Rxc6 Nf4 89.Rxa6 Kd4 90.Rd6+ Nd5+ 91.Kb3 Kxc5 
92.Rd8 Rb1+ 93.Kc2 Ra1 94.Kd3 Rxa5 95.Rc8+ Kd6 96.Rd8+ Ke7 97.Rh8 Ra4 98.
Rh7+ Ke6 99.Rh8 Nf6 100.Rb8 Nd7 101.Re8+ Kd5 102.Ke3 Ra1 103.Rd8 Ra7 104.
Kf4 Ke6 105.Re8+ Kf6 106.Rh8 Ra4+ 107.Ke3 Rg4 108.Ra8 Rh4 109.Ra6+ Kf5 
110.Ra8 Re4+ 111.Kd3 Ne5+ 112.Kc3 Rc4+ 113.Kb3 Rc7 114.Rf8+ Ke4 115.Re8 
Kd4 116.Rd8+ Nd7 117.Rh8 Nc5+ 118.Kc2 Ne4+ 119.Kb2 Rc6 120.Rd8+ Nd6 121.
Kb3 Kd3 122.Kb4 Rc4+ 123.Kb3 Rd4 124.Rh8 Nf5 125.Rh3+ Ne3 126.Rh8 Nf1 127.
Rh3+ Kd2 128.Rh8 Ng3 129.Rh2+ Ne2 130.Rg2 Kd3 131.Rh2 Re4 132.Rh3+ Kd2 
133.Rh2 Rg4 134.Rf2 Rh4 135.Rg2 Kd3 136.Rg8 Nc1+ 137.Kb2 Rc4 138.Rd8+ Ke2 
139.Rh8 Rc7 140.Rh2+ Kd3 141.Rh3+ Kd2 142.Rh2+ Ne2 143.Kb3 Rc8 144.Rg2 Kd3
145.Kb4 Nf4 146.Rg3+ Kd4 1/2-1/2